000 00506nam a2200181Ia 4500
005 20250326124951.0
008 250326s9999 xx 000 0 und d
037 _aTextbook
040 _aFMSL
_beng
_cFMSL
041 _aeng
_2eng
084 _aX:89ZB L7
_qFMSL
100 _aSinger H
_9738272
245 0 _aTechnologies for basic needs
_cSinger H
260 _aGeneva
_bGeneva, International Labour Office
_c1977
300 _a158p
942 _cTB
_hX:89ZB L7
999 _c1275956
_d1275956